|
|
|
|
| LEADER |
01593nam a2200409 a 4500 |
| 001 |
EBC296063 |
| 003 |
MiAaPQ |
| 005 |
20200520144314.0 |
| 006 |
m o d | |
| 007 |
cr cn||||||||| |
| 008 |
060912s2005 si a sb 001 0 eng d |
| 010 |
|
|
|z 2006298356
|
| 020 |
|
|
|z 9812565183
|
| 035 |
|
|
|a (MiAaPQ)EBC296063
|
| 035 |
|
|
|a (Au-PeEL)EBL296063
|
| 035 |
|
|
|a (CaPaEBR)ebr10174111
|
| 035 |
|
|
|a (CaONFJC)MIL137288
|
| 035 |
|
|
|a (OCoLC)476063161
|
| 040 |
|
|
|a MiAaPQ
|c MiAaPQ
|d MiAaPQ
|
| 050 |
|
4 |
|a HG1722
|b .P37 2005
|
| 082 |
0 |
4 |
|a 332.1
|2 22
|
| 084 |
|
|
|a 83.44
|2 bcl
|
| 100 |
1 |
|
|a Pasiouras, Fotios.
|
| 245 |
1 |
0 |
|a Application of quantitative techniques for the prediction of bank acquisition targets
|h [electronic resource] /
|c Fotios Pasiouras, Sailesh Tanna, Constantin Zopounidis.
|
| 260 |
|
|
|a Singapore ;
|a Hackensack, NJ :
|b World Scientific,
|c c2005.
|
| 300 |
|
|
|a xiii, 278 p. :
|b ill.
|
| 490 |
1 |
|
|a Series on computers and operations research ;
|v v. 5
|
| 504 |
|
|
|a Includes bibliographical references (p. 257-276) and index.
|
| 533 |
|
|
|a Electronic reproduction. Ann Arbor, MI : ProQuest, 2015. Available via World Wide Web. Access may be limited to ProQuest affiliated libraries.
|
| 650 |
|
0 |
|a Bank mergers
|x Econometric models.
|
| 650 |
|
0 |
|a Prediction theory.
|
| 655 |
|
4 |
|a Electronic books.
|
| 700 |
1 |
|
|a Tanna, Sailesh.
|
| 700 |
1 |
|
|a Zopounidis, Constantin.
|
| 710 |
2 |
|
|a ProQuest (Firm)
|
| 830 |
|
0 |
|a Series on computers and operations research ;
|v v. 5.
|
| 856 |
4 |
0 |
|u https://ebookcentral.proquest.com/lib/matrademy/detail.action?docID=296063
|z Click to View
|